[Event "Moscow Open 2007"]
[Site "Moscow"]
[Date "2007.02.02"]
[Round "7"]
[White "Gingold, Anton"]
[Black "Kashlinskaya, Alina"]
[Result "0-1"]
[WhiteElo "2079"]
[BlackElo "2228"]
[PlyCount "88"]
[EventDate "2007.??.??"]

1. e4 c5 2. Nf3 Nc6 3. d4 cxd4 4. Nxd4 e5 5. Nb5 d6 6. N1c3 a6 7. Na3 b5 8. Nd5
Nge7 9. c4 Nxd5 10. cxd5 Nb8 11. Bd3 Be7 12. Be3 O-O 13. O-O Bg5 14. Nc2 Bxe3
15. Nxe3 Nd7 16. a4 bxa4 17. Rxa4 Nc5 18. Ra3 Bd7 19. b4 Nxd3 20. Qxd3 Bb5 21.
Nc4 a5 22. bxa5 Rc8 23. Rc1 Rc5 24. f4 Qc7 25. Rac3 exf4 26. e5 dxe5 27. d6 Qa7
28. Kh1 Rfc8 29. Qh3 Bd7 30. Qf3 Qa6 31. Qe4 Be6 32. h3 Bd5 33. Qxe5 Bxg2+ 34.
Kh2 Rxe5 35. d7 Rd8 36. Nxe5 Qe2 37. R3c2 Qxe5 38. Kxg2 Qd5+ 39. Kh2 Qxd7 40.
a6 Qd6 41. a7 f3+ 42. Kh1 Qa6 43. Rc7 Qe2 44. R7c2 Rd1+ 0-1

[Event "Moscow Open 2007"]
[Site "Moscow"]
[Date "2007.02.02"]
[Round "7"]
[White "Semenova, Irina"]
[Black "Kassimski, Kiril"]
[Result "1-0"]
[WhiteElo "2218"]
[BlackElo "2088"]
[PlyCount "108"]
[EventDate "2007.??.??"]

1. e4 c5 2. Nf3 Nc6 3. d4 cxd4 4. Nxd4 g6 5. c4 Bg7 6. Be3 Nh6 7. Be2 d6 8. Nc3
O-O 9. O-O f5 10. exf5 gxf5 11. Nxc6 bxc6 12. f4 Qc7 13. h3 Rb8 14. Qd2 Nf7 15.
Rfd1 Bd7 16. Rac1 Rfe8 17. b3 Rbd8 18. Bh5 Rf8 19. Qf2 Ra8 20. Qd2 Rad8 21. Rc2
Bc8 22. Qf2 Rd7 23. Ne2 Nd8 24. b4 Ne6 25. Bf3 Bb7 26. a3 Kh8 27. Nd4 Nd8 28.
Nb3 e5 29. fxe5 dxe5 30. Rxd7 Qxd7 31. Nc5 Qf7 32. Nxb7 Nxb7 33. Bxc6 a5 34. b5
Rd8 35. Bd5 Qe7 36. Qxf5 Qxa3 37. Bb6 Rf8 38. Qe4 Qa1+ 39. Kh2 Nd6 40. Qg4 e4
41. Rf2 Qe5+ 42. g3 Rxf2+ 43. Bxf2 e3 44. Be1 Qb2+ 45. Kg1 Qe5 46. Qe6 Qxe6 47.
Bxe6 Bd4 48. Kf1 a4 49. Bb4 Ne4 50. Ke2 Bc5 51. Bxc5 Nxc5 52. Bf5 a3 53. Bb1
Na4 54. Kxe3 Kg7 1-0

[Event "Moscow Open 2007"]
[Site "Moscow"]
[Date "2007.02.02"]
[Round "7"]
[White "Pankov, Gennady"]
[Black "Cherenkov, Andrey"]
[Result "1-0"]
[WhiteElo "2014"]
[BlackElo "2206"]
[PlyCount "81"]
[EventDate "2007.??.??"]

1. e4 c6 2. d4 d5 3. Bd3 dxe4 4. Bxe4 Nf6 5. Bf3 Bf5 6. Nc3 e6 7. a3 Qc7 8. h3
Nbd7 9. Be3 Rd8 10. Qc1 e5 11. g4 Bg6 12. Nge2 exd4 13. Nxd4 Ne5 14. Be2 Ne4
15. O-O Nxc3 16. bxc3 Be4 17. Bf4 Bd6 18. Qe3 O-O 19. Qxe4 Rfe8 20. Bxe5 Bxe5
21. Qf3 c5 22. Nb5 Qb8 23. a4 Rd2 24. Bc4 Rf8 25. Rad1 Rxc2 26. Rd7 Bf4 27.
Rfd1 g5 28. Rxf7 Rxf7 29. Rd7 Qe5 30. Rxf7 Qe1+ 31. Kg2 Rxf2+ 32. Qxf2 Qe4+ 33.
Kg1 Qxc4 34. Rxf4 gxf4 35. Nd6 Qxa4 36. Qxc5 Qd1+ 37. Kf2 f3 38. Qc8+ Kg7 39.
Qd7+ Kg6 40. Qf7+ Kh6 41. Qf6# 1-0

[Event "Moscow Open 2007"]
[Site "Moscow"]
[Date "2007.02.02"]
[Round "7"]
[White "Kharmunova, Nadejda"]
[Black "Yuganova, Marina"]
[Result "1-0"]
[WhiteElo "2198"]
[BlackElo "1900"]
[PlyCount "81"]
[EventDate "2007.??.??"]

1. e4 c5 2. d3 g6 3. g3 Bg7 4. Bg2 e6 5. c4 Ne7 6. Nc3 a6 7. Nge2 Nbc6 8. O-O
O-O 9. Be3 Nd4 10. Qd2 Nec6 11. Bh6 Bxh6 12. Qxh6 Qf6 13. Nxd4 Nxd4 14. f4 d6
15. Rf2 Bd7 16. Re1 Bc6 17. e5 Qe7 18. Bxc6 Nxc6 19. Ne4 f6 20. exd6 Qd7 21.
Qh4 Qd8 22. Nxc5 Qxd6 23. Nxe6 Rf7 24. f5 Ne5 25. fxg6 hxg6 26. d4 Qxe6 27.
dxe5 Raf8 28. Qe4 fxe5 29. Rxf7 Qxf7 30. Qd5 Re8 31. Qxf7+ Kxf7 32. Kf2 Ke6 33.
Rd1 Rf8+ 34. Ke3 g5 35. c5 a5 36. Rd6+ Kf5 37. h3 e4 38. Rd5+ Ke6 39. Kxe4 Rf2
40. Rd6+ Kf7 41. Rd7+ 1-0

[Event "Moscow Open 2007"]
[Site "Moscow"]
[Date "2007.02.02"]
[Round "7"]
[White "Morev, Ivan"]
[Black "Erendzhenov, Stanislav"]
[Result "0-1"]
[WhiteElo "2178"]
[BlackElo "2405"]
[PlyCount "100"]
[EventDate "2007.??.??"]

1. e4 c5 2. Nf3 d6 3. d4 cxd4 4. Nxd4 Nf6 5. Nc3 Nc6 6. Be2 g6 7. Be3 Bg7 8.
O-O O-O 9. Nb3 a5 10. a4 Be6 11. Nd4 Bd7 12. f3 Nb4 13. Ncb5 Nc6 14. c4 Nxd4
15. Nxd4 Bc6 16. Ra2 Nd7 17. Qd2 Nc5 18. Bd1 Qc8 19. b3 Bd7 20. g4 Qc7 21. Bh6
Qb6 22. Bxg7 Kxg7 23. Kh1 Rac8 24. Qc3 f6 25. Rg2 Ne6 26. Ne2 Qc5 27. Qd2 g5
28. Bc2 Qe5 29. h4 h6 30. Rh2 Rc5 31. Kg2 Nf4+ 32. Nxf4 gxf4 33. h5 Kf7 34. Rd1
Rg8 35. Kf1 Bc6 36. Qd4 Qg5 37. Rdd2 Ra8 38. Ke1 Ra6 39. Kd1 Rb6 40. Kc1 Rb4
41. Qa1 f5 42. gxf5 Qg1+ 43. Kb2 Qg3 44. Ka2 Qxf3 45. Rhg2 Re5 46. Rgf2 Qg3 47.
Qd4 Bxe4 48. Bd1 Qe3 49. Rfe2 Qxd4 50. Rxd4 Bf3 0-1

[Event "Moscow Open 2007"]
[Site "Moscow"]
[Date "2007.02.02"]
[Round "7"]
[White "Kremenietsky, Anatoly M"]
[Black "Prudnikova, Ekaterina"]
[Result "1-0"]
[WhiteElo "2389"]
[BlackElo "2169"]
[PlyCount "115"]
[EventDate "2007.??.??"]

1. Nf3 d6 2. d4 g6 3. c4 Bg7 4. Nc3 Bg4 5. e3 Nf6 6. Be2 O-O 7. Qb3 Bc8 8. O-O
Nbd7 9. Rd1 c6 10. Qc2 Re8 11. d5 cxd5 12. cxd5 Nc5 13. Nd4 a5 14. Bb5 Bd7 15.
a4 Rc8 16. f3 Qb6 17. Qf2 Bxb5 18. axb5 e5 19. dxe6 fxe6 20. e4 Nfd7 21. Be3
Ne5 22. Qe2 Qc7 23. Rac1 Ned7 24. Rc2 Nb6 25. Nb1 a4 26. b4 axb3 27. Nxb3 Qe7
28. Nxc5 dxc5 29. Qf2 Na4 30. Rdc1 Red8 31. Ra2 Nc3 32. Nxc3 Bxc3 33. Rac2 Bb4
34. h4 b6 35. Bg5 Qd7 36. Bxd8 Rxd8 37. Qe2 Qd4+ 38. Kh2 Qe5+ 39. g3 Rd4 40.
Rd1 Qd6 41. Rxd4 cxd4 42. Rc8+ Kf7 43. Qd3 Bc5 44. f4 Kg7 45. Ra8 Qd7 46. Kg2
h6 47. Kf3 g5 48. hxg5 hxg5 49. Ra1 e5 50. f5 Be7 51. Qc4 d3 52. Rd1 d2 53. Qd5
Qxd5 54. exd5 Bb4 55. g4 Kf7 56. Ke4 Bc3 57. d6 Ke8 58. f6 1-0

[Event "Moscow Open 2007"]
[Site "Moscow"]
[Date "2007.02.02"]
[Round "7"]
[White "Elfert, Aleksandr V"]
[Black "Novikov, Valeri"]
[Result "0-1"]
[WhiteElo "2114"]
[BlackElo "2212"]
[PlyCount "121"]
[EventDate "2007.??.??"]

1. d4 Nf6 2. Bg5 c5 3. d5 d6 4. f3 Nbd7 5. e4 g6 6. Qd2 Bg7 7. Nh3 Nxe4 8. fxe4
Bxb2 9. c3 Bxa1 10. Be2 Ne5 11. O-O Bxh3 12. gxh3 Qa5 13. Qc1 f6 14. Bd2 O-O-O
15. Na3 Qa4 16. Bd1 Qxe4 17. Qxa1 Qxd5 18. Bf4 g5 19. Bxe5 dxe5 20. Bf3 e4 21.
Bg4+ Kb8 22. Rf5 Qd3 23. Qe1 h5 24. Be2 Qe3+ 25. Rf2 Rd7 26. Nc4 Qxh3 27. a4
Rhd8 28. a5 Qe6 29. Ne3 Rd3 30. Bxd3 exd3 31. Qd2 c4 32. Rf5 Rd6 33. h4 gxh4
34. Rxh5 Qg8+ 35. Qg2 Qg3 36. Qxg3 hxg3 37. Kg2 d2 38. Nd1 Kc7 39. Rc5+ Rc6 40.
Rd5 e6 41. Rxd2 Rd6 42. Rxd6 Kxd6 43. Kxg3 b5 44. axb6 axb6 45. Kf4 b5 46. Ne3
Kc5 47. Nc2 Kb6 48. Ke4 Ka5 49. Nd4 e5 50. Nc6+ Ka4 51. Nb4 Kb3 52. Nd5 Kc2 53.
Ke3 f5 54. Ke2 f4 55. Kf3 Kd3 56. Kf2 e4 57. Kg2 Kd2 58. Kf1 f3 59. Kf2 Kd3 60.
Kg3 Ke2 61. Nf4+ 0-1

[Event "Moscow Open 2007"]
[Site "Moscow"]
[Date "2007.02.02"]
[Round "7"]
[White "Pasalic, Kharun"]
[Black "Ovsiannikov, Maxim"]
[Result "1-0"]
[WhiteElo "2197"]
[BlackElo "2058"]
[PlyCount "61"]
[EventDate "2007.??.??"]

1. Nf3 g6 2. g3 Bg7 3. Bg2 Nf6 4. O-O O-O 5. c4 c5 6. Nc3 Nc6 7. d4 cxd4 8.
Nxd4 Nxd4 9. Qxd4 d6 10. Qh4 Qb6 11. b3 Qa5 12. Bd2 Ng4 13. Ne4 Qb6 14. Bc3 e5
15. h3 f5 16. hxg4 fxe4 17. Bxe4 Be6 18. Rad1 Bf6 19. g5 Be7 20. Kg2 Rf7 21.
Rd3 Raf8 22. Rf3 Qd8 23. Bxg6 Rg7 24. Rh1 Rxf3 25. Bxh7+ Kf8 26. exf3 Bxg5 27.
Qh5 Qf6 28. Be4 Ke7 29. Qh8 Rf7 30. Qxf6+ Kxf6 31. f4 1-0

[Event "Moscow Open 2007"]
[Site "Moscow"]
[Date "2007.02.02"]
[Round "7"]
[White "Kineva, Ekaterina"]
[Black "Kurukin, Dmitry"]
[Result "1-0"]
[WhiteElo "2190"]
[BlackElo "2164"]
[PlyCount "77"]
[EventDate "2007.??.??"]

1. e4 c5 2. Nf3 d6 3. d4 cxd4 4. Nxd4 Nf6 5. Nc3 a6 6. Bg5 e6 7. f4 Nbd7 8. Qf3
Qc7 9. O-O-O b5 10. Bd3 Bb7 11. Rhe1 Qb6 12. Bxf6 Nxf6 13. Qg3 b4 14. Na4 Qa5
15. e5 Nd5 16. exd6 O-O-O 17. c4 bxc3 18. b3 Bxd6 19. Qxg7 Bxf4+ 20. Kb1 Nc7
21. Nc2 Bd2 22. Re5 Rhg8 23. Qxg8 Rxg8 24. Rxa5 Rxg2 25. Nb6+ Kd8 26. Nc4 Ke7
27. Nxd2 cxd2 28. Ne3 Rxh2 29. Kc2 Rh3 30. Kxd2 f5 31. Rc1 Rh2+ 32. Ke1 Rh1+
33. Bf1 Ne8 34. Kf2 f4 35. Ng2 Nd6 36. Nxf4 Ne4+ 37. Ke3 Kf6 38. Rc7 Rxf1 39.
Rxb7 1-0

[Event "Moscow Open 2007"]
[Site "Moscow"]
[Date "2007.02.02"]
[Round "7"]
[White "Gunina, Valentina"]
[Black "Bukhteeva, Viktoria"]
[Result "1-0"]
[WhiteElo "2347"]
[BlackElo "2109"]
[PlyCount "65"]
[EventDate "2007.??.??"]

1. d4 c5 2. d5 f5 3. c4 Nf6 4. Nc3 d6 5. Nh3 Nbd7 6. f4 g6 7. Ng5 Nb6 8. a4 a5
9. Qb3 Bg7 10. g3 O-O 11. Bg2 Ng4 12. h3 Nf6 13. O-O h6 14. Ne6 Bxe6 15. dxe6
Kh7 16. e4 fxe4 17. Nxe4 Ne8 18. Bd2 Bd4+ 19. Kh2 Ng7 20. Rae1 Nxe6 21. Ng5+
hxg5 22. Rxe6 gxf4 23. Rxf4 Rxf4 24. gxf4 Nd7 25. Qg3 Bf6 26. f5 Nf8 27. fxg6+
Kg7 28. Qf4 Kxg6 29. Bd5 Nxe6 30. Qh6+ Kf7 31. Qh5+ Kf8 32. Bxe6 Qe8 33. Bh6+
1-0

[Event "Moscow Open 2007"]
[Site "Moscow"]
[Date "2007.02.02"]
[Round "7"]
[White "Samedov, Alim"]
[Black "Ludanov, Nikolay"]
[Result "0-1"]
[WhiteElo "2104"]
[BlackElo "2147"]
[PlyCount "92"]
[EventDate "2007.??.??"]

1. d4 Nf6 2. c4 c5 3. d5 e6 4. dxe6 fxe6 5. Bg5 h6 6. Bf4 d6 7. Nc3 Nc6 8. Nf3
Be7 9. e3 Nh5 10. Bg3 Nxg3 11. hxg3 O-O 12. Be2 Bf6 13. Qd2 Qa5 14. Rc1 Rd8 15.
a3 d5 16. cxd5 exd5 17. O-O Be6 18. Qc2 Rac8 19. Qb3 Ne7 20. Rfd1 Bf7 21. Qb5
Qxb5 22. Bxb5 a6 23. Be2 b5 24. Rd2 g5 25. Rcd1 Bg7 26. Ne1 d4 27. Bg4 Rc6 28.
Bf3 Rc7 29. Ne4 Bb3 30. Rc1 c4 31. Be2 Rd5 32. Bf3 dxe3 33. Rxd5 Nxd5 34. Nc3
exf2+ 35. Kxf2 Bd4+ 36. Kf1 Nxc3 37. bxc3 Bc5 38. Bd5+ Kg7 39. Nf3 Rd7 40. Be6
Rd6 41. Bf5 Bxa3 42. Nd4 Bxc1 43. Ne6+ Kf6 44. g4 Rxe6 45. Bxe6 Kxe6 46. Kf2 a5
0-1

[Event "Moscow Open 2007"]
[Site "Moscow"]
[Date "2007.02.02"]
[Round "7"]
[White "Lavrentiev, Yuri"]
[Black "Rogovsky, Alexander"]
[Result "0-1"]
[WhiteElo "1977"]
[BlackElo "2117"]
[PlyCount "64"]
[EventDate "2007.??.??"]

1. d4 Nf6 2. Bg5 c5 3. Nf3 Qb6 4. e3 Qxb2 5. Nbd2 e6 6. Rb1 Qxa2 7. Bc4 Qa5 8.
Bxf6 gxf6 9. e4 a6 10. d5 b5 11. Be2 c4 12. O-O Bh6 13. dxe6 fxe6 14. e5 O-O
15. Ne4 fxe5 16. Nd6 Bg7 17. Ng5 Qc7 18. Bf3 Nc6 19. Be4 h6 20. Ngf7 Rxf7 21.
Nxf7 Kxf7 22. Qh5+ Kf8 23. Rfe1 d5 24. Bg6 e4 25. f4 Ne7 26. Be8 Ng8 27. Bg6
Bd7 28. Rf1 Be8 29. f5 Nf6 30. fxe6 Qb6+ 31. Rf2 Qxf2+ 32. Kxf2 Nxh5 0-1

[Event "Moscow Open 2007"]
[Site "Moscow"]
[Date "2007.02.02"]
[Round "7"]
[White "Kreines, Mikhail"]
[Black "Losev, Sergey"]
[Result "1-0"]
[WhiteElo "2088"]
[BlackElo "2080"]
[PlyCount "71"]
[EventDate "2007.??.??"]

1. e4 e6 2. d4 d5 3. exd5 exd5 4. Bd3 Bd6 5. Nf3 Bg4 6. O-O Ne7 7. Bg5 f6 8.
Bh4 Nbc6 9. c3 Qd7 10. Bg3 O-O-O 11. Bxd6 Qxd6 12. Nbd2 g5 13. b4 Ng6 14. Qc2
Nce7 15. Rfc1 Nf4 16. Bf1 Bf5 17. Qb3 Be6 18. a4 g4 19. Ne1 Nf5 20. Nd3 h5 21.
Nc5 h4 22. a5 g3 23. a6 gxh2+ 24. Kh1 b6 25. Nb7 Qe7 26. Nxd8 Kxd8 27. Re1 Qd6
28. Nf3 h3 29. gxh3 Nxh3 30. Qc2 Ng1 31. Bg2 Nh4 32. Nxh4 Rxh4 33. Qg6 Rf4 34.
Qg3 Bg4 35. f3 Nxf3 36. Rf1 1-0

[Event "Moscow Open 2007"]
[Site "Moscow"]
[Date "2007.02.03"]
[Round "8"]
[White "Yemelin, Vasily"]
[Black "Rychagov, Andrey"]
[Result "1-0"]
[WhiteElo "2539"]
[BlackElo "2586"]
[PlyCount "61"]
[EventDate "2007.??.??"]

1. e4 e6 2. d4 d5 3. Nc3 Nf6 4. e5 Nfd7 5. f4 c5 6. Nf3 Nc6 7. Be3 a6 8. Qd2 b5
9. a3 Qb6 10. Ne2 Bb7 11. dxc5 Bxc5 12. Ned4 Nxd4 13. Nxd4 Qc7 14. Bd3 Be7 15.
Nf3 Nc5 16. Bd4 Ne4 17. Qe3 b4 18. axb4 Bxb4+ 19. c3 Be7 20. O-O Nc5 21. Bc2
O-O 22. Ng5 h6 23. b4 hxg5 24. bxc5 Rac8 25. fxg5 Bxc5 26. Bd3 g6 27. Rf4 Bxd4
28. cxd4 Kg7 29. Raf1 Qe7 30. Qg3 Rc7 31. Bxg6 1-0

[Event "Moscow Open 2007"]
[Site "Moscow"]
[Date "2007.02.03"]
[Round "8"]
[White "Kazhgaleyev, Murtas"]
[Black "Askarov, Marat"]
[Result "1-0"]
[WhiteElo "2579"]
[BlackElo "2487"]
[PlyCount "149"]
[EventDate "2007.??.??"]

1. d4 d5 2. c4 c6 3. Nf3 Nf6 4. e3 e6 5. Bd3 Nbd7 6. O-O Bd6 7. Nc3 O-O 8. e4
dxe4 9. Nxe4 Nxe4 10. Bxe4 h6 11. Bc2 e5 12. Qd3 f5 13. c5 Bc7 14. Qc4+ Kh8 15.
dxe5 Nxe5 16. Nxe5 Bxe5 17. Bf4 Qd4 18. Qxd4 Bxd4 19. Bd6 Re8 20. Rfe1 Be6 21.
Red1 Bf6 22. a4 g6 23. a5 Bc4 24. Bd3 Bd5 25. a6 bxa6 26. Rxa6 Bxb2 27. h4 h5
28. Bb5 Bb3 29. Rb1 cxb5 30. Rxb2 Bc4 31. Bg3 Kg7 32. Rd2 Kf7 33. c6 b4 34. Ra5
b3 35. c7 a6 36. Kh2 Rac8 37. Ra4 Bb5 38. Rb4 Re4 39. Rxb3 f4 40. Rf3 Rxc7 41.
Bxf4 Rd7 42. Bg5+ Kg7 43. Rc2 Rc4 44. Rb2 Rc5 45. Re3 a5 46. Reb3 Bc6 47. Rb6
Be4 48. Ra6 Bc2 49. Rb8 a4 50. Bf6+ Kh6 51. Rh8+ Rh7 52. Raa8 g5 53. Bxg5+ Kg7
54. Rhb8 Rc7 55. Rb6 Kf7 56. Rf6+ Kg7 57. Rb6 Kf7 58. Rf6+ Kg7 59. Rff8 Kg6 60.
Ra6+ Kg7 61. Rd8 Kf7 62. Bf4 Re7 63. Rc8 Bf5 64. Rc5 Bd7 65. Bg5 Re6 66. Ra7
Rd6 67. Rcc7 Kg6 68. Bf4 Rd5 69. Ra6+ Kf5 70. Bg5 Rf7 71. f3 Rf8 72. Rc4 Bb5
73. Rf4+ Ke5 74. Re4+ Kf5 75. Rae6 1-0

[Event "Moscow Open 2007"]
[Site "Moscow"]
[Date "2007.02.03"]
[Round "8"]
[White "Dobrov, Vladimir"]
[Black "Yakovich, Yuri"]
[Result "1/2-1/2"]
[WhiteElo "2479"]
[BlackElo "2577"]
[PlyCount "67"]
[EventDate "2007.??.??"]

1. d4 Nf6 2. c4 e6 3. Nc3 Bb4 4. Qc2 O-O 5. a3 Bxc3+ 6. Qxc3 b6 7. Nf3 Bb7 8.
e3 d6 9. Be2 Nbd7 10. O-O Ne4 11. Qc2 f5 12. b4 Rf6 13. d5 Rg6 14. Nd4 Qg5 15.
g3 Ne5 16. Nf3 Qe7 17. Nxe5 dxe5 18. Rd1 exd5 19. cxd5 c6 20. Bb2 cxd5 21. Rac1
Rc6 22. Qa4 Rac8 23. Rxc6 Bxc6 24. Qa6 Rc7 25. Rc1 Nd6 26. b5 Bb7 27. Rxc7 Qxc7
28. Qxa7 Nc4 29. Bxc4 dxc4 30. Bxe5 Qxe5 31. Qxb7 Qxb5 32. Qc8+ Kf7 33. Qc7+
Qd7 34. Qe5 1/2-1/2

[Event "Moscow Open 2007"]
[Site "Moscow"]
[Date "2007.02.03"]
[Round "8"]
[White "Chernyshov, Konstantin"]
[Black "Zvjaginsev, Vadim"]
[Result "1/2-1/2"]
[WhiteElo "2556"]
[BlackElo "2658"]
[PlyCount "68"]
[EventDate "2007.??.??"]

1. e4 c5 2. a3 Nc6 3. b4 e5 4. b5 Nd4 5. c3 Ne6 6. c4 g6 7. Nc3 h5 8. h4 a6 9.
g3 axb5 10. cxb5 Nf6 11. Bg2 Bg7 12. Nge2 O-O 13. d3 b6 14. f4 Bb7 15. O-O exf4
16. Bxf4 d5 17. Be5 Ng4 18. Bxg7 Nxg7 19. exd5 Ne3 20. Qb3 Ngf5 21. Rf4 Nxg2
22. Rxf5 Ne3 23. Re5 Ng4 24. Re4 Qd6 25. Nf4 Nf6 26. Re3 Rad8 27. a4 Bxd5 28.
Ncxd5 Nxd5 29. Nxd5 Qxd5 30. Qxd5 Rxd5 31. a5 bxa5 32. Rxa5 Rb8 33. Kf2 Rd4 34.
Ra7 Rxb5 1/2-1/2

[Event "Moscow Open 2007"]
[Site "Moscow"]
[Date "2007.02.03"]
[Round "8"]
[White "Shaposhnikov, Evgeny"]
[Black "Moiseenko, Alexander"]
[Result "1/2-1/2"]
[WhiteElo "2554"]
[BlackElo "2627"]
[PlyCount "46"]
[EventDate "2007.??.??"]

1. e4 c5 2. Nf3 Nc6 3. Bb5 e6 4. O-O Nge7 5. b3 Ng6 6. Bb2 f6 7. d4 cxd4 8.
Nxd4 Qc7 9. Be2 Nxd4 10. Bxd4 Bd6 11. g3 O-O 12. c4 b6 13. Nc3 Be7 14. Bf3 Bb7
15. Rc1 Rad8 16. Bg2 Qb8 17. Qe2 Ne5 18. Rfd1 Bc5 19. Rc2 Bc6 20. h3 Kh8 21.
Qe3 Be7 22. Ne2 Qa8 23. c5 bxc5 1/2-1/2

[Event "Moscow Open 2007"]
[Site "Moscow"]
[Date "2007.02.03"]
[Round "8"]
[White "Aleksandrov, Aleksej"]
[Black "Gareev, Timur"]
[Result "1-0"]
[WhiteElo "2601"]
[BlackElo "2551"]
[PlyCount "87"]
[EventDate "2007.??.??"]

1. d4 Nf6 2. c4 e6 3. Nc3 Bb4 4. a3 Bxc3+ 5. bxc3 b6 6. Bg5 h6 7. Bh4 g5 8. Bg3
Ne4 9. e3 Bb7 10. Be5 Rg8 11. h3 d6 12. Bh2 Nd7 13. f3 g4 14. fxe4 g3 15. Nf3
gxh2 16. Qc2 Qe7 17. O-O-O O-O-O 18. Rxh2 Rg3 19. Bd3 Rdg8 20. Kb2 Kb8 21. Rd2
e5 22. Re2 f5 23. Nd2 Nf6 24. d5 f4 25. Nf1 R3g5 26. Rf2 Nh5 27. exf4 exf4 28.
Nd2 Rg3 29. Nf3 Nf6 30. Nd4 Qe5 31. Rh1 Nd7 32. Re1 Qf6 33. Nf5 Ne5 34. Bf1 Ba6
35. Kb3 c6 36. Nxg3 Rxg3 37. Qd2 f3 38. dxc6 Kc7 39. c5 Bd3 40. Bxd3 Qe6+ 41.
Kb2 fxg2 42. Bb5 bxc5 43. Rxg2 Nf3 44. Qf2 1-0

[Event "Moscow Open 2007"]
[Site "Moscow"]
[Date "2007.02.03"]
[Round "8"]
[White "Shipov, Sergei"]
[Black "Ulko, Jaroslav"]
[Result "1/2-1/2"]
[WhiteElo "2591"]
[BlackElo "2460"]
[PlyCount "109"]
[EventDate "2007.??.??"]

1. d4 Nf6 2. c4 g6 3. Nc3 Bg7 4. e4 d6 5. Nf3 O-O 6. Be2 e5 7. Be3 c6 8. d5 Na6
9. O-O Ng4 10. Bg5 f6 11. Bh4 Nh6 12. a3 c5 13. Ne1 Nc7 14. Nd3 g5 15. Bg3 f5
16. exf5 Bxf5 17. Bf3 Ne8 18. Be4 Nf6 19. f3 Qd7 20. Qd2 g4 21. Bh4 gxf3 22.
Bxf6 Rxf6 23. Bxf3 Raf8 24. Be4 Rg6 25. Nf2 Kh8 26. Qd3 Bxe4 27. Nfxe4 Rf4 28.
Ne2 Rh4 29. Rf3 Ng4 30. h3 Nf6 31. N2g3 Rf4 32. Re1 Nxe4 33. Rxe4 Qf7 34. Kh2
Bh6 35. Ne2 Rff6 36. b3 Qg7 37. Rxf6 Rxf6 38. Rg4 Qf7 39. Qg3 Bd2 40. Qh4 Be3
41. Re4 Bd2 42. Qg3 Rf2 43. Qg4 Qf8 44. Qh4 Rf6 45. Qh5 Rf5 46. Qg4 Rf6 47. Qg3
Rf2 48. Qd3 Bh6 49. Rh4 Qf6 50. Rg4 Qf7 51. Qe4 Qf6 52. Qd3 Qf7 53. Qe4 Qf6 54.
Qd3 Qf7 55. Qe4 1/2-1/2

[Event "Moscow Open 2007"]
[Site "Moscow"]
[Date "2007.02.03"]
[Round "8"]
[White "Fedorov, Alexei"]
[Black "Chadaev, Nikolai"]
[Result "1-0"]
[WhiteElo "2624"]
[BlackElo "2484"]
[PlyCount "101"]
[EventDate "2007.??.??"]

1. e4 e5 2. Nf3 Nc6 3. Bb5 a6 4. Ba4 Nf6 5. O-O Be7 6. Re1 b5 7. Bb3 O-O 8. h3
Bb7 9. d3 d6 10. a3 Bc8 11. c3 h6 12. d4 Re8 13. Nbd2 Bf8 14. Ba2 a5 15. Qb3
Qd7 16. Qxb5 Nxd4 17. Nxd4 exd4 18. Qxd7 Nxd7 19. cxd4 c5 20. Bd5 Rb8 21. dxc5
Nxc5 22. Nc4 Be6 23. Bxe6 Rxe6 24. Nxa5 Nd3 25. Re2 d5 26. b4 dxe4 27. Rc2 f5
28. Nc6 Rb6 29. Nd4 Rf6 30. f4 exf3 31. Nxf3 Rfc6 32. Rxc6 Rxc6 33. Be3 Ra6 34.
b5 Rxa3 35. Rxa3 Bxa3 36. b6 Bc5 37. Bxc5 Nxc5 38. Nh4 f4 39. Ng6 f3 40. g4 Kf7
41. Nh4 Ke6 42. Kf2 Kd7 43. Nf5 Ne6 44. h4 Kc6 45. Kxf3 Kxb6 46. Ke4 Kc6 47.
Ke5 Nf8 48. h5 g6 49. Ne7+ Kd7 50. Nxg6 Nh7 51. Nh4 1-0

[Event "Moscow Open 2007"]
[Site "Moscow"]
[Date "2007.02.03"]
[Round "8"]
[White "Gasanov, Eldar"]
[Black "Malakhatko, Vadim"]
[Result "0-1"]
[WhiteElo "2477"]
[BlackElo "2604"]
[PlyCount "104"]
[EventDate "2007.??.??"]

1. d4 d5 2. c4 c6 3. Nc3 Nf6 4. e3 a6 5. Nf3 e6 6. b3 Bb4 7. Bd2 Nbd7 8. Bd3
O-O 9. O-O Bd6 10. e4 dxc4 11. bxc4 e5 12. d5 Nc5 13. Bc2 cxd5 14. cxd5 b5 15.
Qe2 Bg4 16. Rfb1 Rb8 17. a3 Nfd7 18. h3 Bh5 19. g4 Bg6 20. Nh2 f6 21. Nf1 Be8
22. Ne3 g6 23. Na2 Nb6 24. Nb4 Qc8 25. Rb2 Rf7 26. Rc1 Kg7 27. Bb1 Rc7 28. Rbc2
a5 29. Nd3 Nb3 30. Rxc7+ Bxc7 31. Rc3 Nd4 32. Qd1 Na4 33. Rc1 Qd8 34. g5 f5 35.
f4 exf4 36. Nxf4 Bb6 37. h4 fxe4 38. Bxe4 Qe7 39. Bg2 Nf5 40. Ne6+ Kg8 41. Qb3
Bf7 42. Bh3 Nd4 43. Nxd4 Bxd4 44. Qd3 Qe5 45. Qe2 Re8 46. Re1 Nc3 47. Qh2 Nxd5
48. Qxe5 Rxe5 49. Kf2 Nxe3 50. Bxe3 Rxe3 51. Rxe3 b4 52. axb4 a4 0-1

[Event "Moscow Open 2007"]
[Site "Moscow"]
[Date "2007.02.03"]
[Round "8"]
[White "Danin, Alexandre"]
[Black "Lastin, Alexander"]
[Result "0-1"]
[WhiteElo "2451"]
[BlackElo "2583"]
[PlyCount "78"]
[EventDate "2007.??.??"]

1. e4 e5 2. Nf3 Nc6 3. d4 exd4 4. Nxd4 Bc5 5. Nxc6 Qf6 6. Qd2 dxc6 7. Nc3 Bd4
8. Bd3 Ne7 9. O-O Ng6 10. Kh1 Ne5 11. Be2 Ng4 12. Nd1 Qd6 13. f4 h5 14. c3 Bb6
15. Qxd6 cxd6 16. Bxg4 Bxg4 17. Re1 f5 18. Be3 fxe4 19. Bxb6 axb6 20. Rxe4+ Kf7
21. Ne3 d5 22. Rb4 b5 23. a3 Be2 24. Rd4 Rhe8 25. Nc2 Bc4 26. Rd2 Re4 27. g3
Rae8 28. Nd4 c5 29. Nf3 Re2 30. Rad1 R8e3 31. Ng1 Rxd2 32. Rxd2 d4 33. Kg2 dxc3
34. bxc3 Rxc3 35. Nf3 Rxa3 36. Ne5+ Ke6 37. Kh3 Bd5 38. Kh4 b4 39. Kg5 b3 0-1

[Event "Moscow Open 2007"]
[Site "Moscow"]
[Date "2007.02.03"]
[Round "8"]
[White "Kornev, Alexei"]
[Black "Petrushin, Alexander"]
[Result "1/2-1/2"]
[WhiteElo "2582"]
[BlackElo "2473"]
[PlyCount "140"]
[EventDate "2007.??.??"]

1. e4 c5 2. Nf3 d6 3. d4 cxd4 4. Nxd4 Nf6 5. Nc3 a6 6. Be3 Ng4 7. Bc1 Nc6 8.
Nxc6 bxc6 9. f4 Qb6 10. Qf3 g6 11. h3 Nf6 12. Bc4 Bg7 13. Bb3 O-O 14. Be3 Qa5
15. O-O-O Be6 16. Kb1 Rab8 17. Bd2 Nd7 18. Ne2 Qb6 19. Bc3 Nc5 20. h4 Bxc3 21.
Nxc3 a5 22. f5 Bc4 23. fxg6 fxg6 24. Qg4 Nxb3 25. cxb3 Bxb3 26. Rd2 Qe3 27. Qe2
Qxc3 28. bxc3 Bd1+ 29. Kc1 Bxe2 30. Rxe2 Rb5 31. Kc2 Rfb8 32. Kd3 Rb2 33. Rhe1
a4 34. e5 d5 35. Kd4 a3 36. Kc5 Rxe2 37. Rxe2 Rb2 38. Re1 Rxa2 39. Kxc6 Rxg2
40. Kxd5 Kf7 41. e6+ Ke8 42. c4 a2 43. Ra1 Re2 44. Rf1 Rb2 45. Ra1 Re2 46. Rf1
Rd2+ 47. Kc5 Rd6 48. Ra1 Rxe6 49. Rxa2 Re4 50. Rh2 Kd7 51. Kd5 Rf4 52. Kc5 Rf1
53. Ra2 Rf5+ 54. Kb6 Rf4 55. Rd2+ Ke6 56. c5 Rxh4 57. c6 Rc4 58. c7 h5 59. Rd8
h4 60. c8=Q+ Rxc8 61. Rxc8 g5 62. Kc5 Ke5 63. Kc4 Ke4 64. Rh8 e5 65. Rh5 Kf4
66. Kd3 Kg4 67. Rh8 Kf3 68. Rf8+ Kg3 69. Ke2 h3 70. Rf3+ Kg2 1/2-1/2

[Event "Moscow Open 2007"]
[Site "Moscow"]
[Date "2007.02.03"]
[Round "8"]
[White "Burmakin, Vladimir"]
[Black "Krapivin, Alexander"]
[Result "1/2-1/2"]
[WhiteElo "2568"]
[BlackElo "2478"]
[PlyCount "91"]
[EventDate "2007.??.??"]

1. d4 d5 2. g3 e6 3. Bg2 f5 4. c4 Nf6 5. cxd5 exd5 6. Nf3 Be7 7. O-O O-O 8. Ne5
Nbd7 9. Nd3 c6 10. Nd2 Ne4 11. Nf3 Ndf6 12. Bf4 Bd7 13. Qc2 Be8 14. Nfe5 Nd7
15. Kh1 Nxe5 16. dxe5 Ng5 17. Rad1 Ne6 18. Be3 Qc7 19. f4 Kh8 20. Nc5 Nxc5 21.
Bxc5 Bh5 22. Rd2 Bxc5 23. Qxc5 Qb6 24. Qa3 Bf7 25. Rc1 Be6 26. Rc5 h6 27. e3
Rfd8 28. Bf3 Qc7 29. Qc3 Rac8 30. Rc2 Qd7 31. b4 a6 32. a4 d4 33. exd4 Qxd4 34.
Qxd4 Rxd4 35. Rb2 g5 36. b5 g4 37. Be2 Bd5+ 38. Kg1 Rxa4 39. bxa6 bxa6 40. Bd3
Rf8 41. Bf1 Ra1 42. Kf2 a5 43. Bg2 Bxg2 44. Kxg2 a4 45. Rxc6 a3 46. Rb7 1/2-1/2

[Event "Moscow Open 2007"]
[Site "Moscow"]
[Date "2007.02.03"]
[Round "8"]
[White "Kurenkov, Nikolai"]
[Black "Turov, Maxim"]
[Result "1-0"]
[WhiteElo "2438"]
[BlackElo "2562"]
[PlyCount "71"]
[EventDate "2007.??.??"]

1. e4 e5 2. Nf3 Nc6 3. Bc4 Bc5 4. c3 Nf6 5. d4 exd4 6. cxd4 Bb4+ 7. Nc3 Nxe4 8.
O-O Bxc3 9. d5 Bf6 10. Re1 Ne7 11. Rxe4 d6 12. Bg5 Bxg5 13. Nxg5 h6 14. Qe2
hxg5 15. Re1 Be6 16. dxe6 f6 17. Re3 g6 18. Qf3 O-O 19. Qxb7 d5 20. Bd3 Qd6 21.
Rc1 c6 22. Rh3 Rfb8 23. Rxc6 Qxh2+ 24. Kxh2 Rxb7 25. Rc2 Rb6 26. Re3 Rab8 27.
b3 f5 28. Rc7 R8b7 29. Rd7 Kf8 30. Ba6 Rxd7 31. exd7 Rd6 32. Bb5 d4 33. Re6 Rd5
34. Rf6+ Kg7 35. Rf7+ Kxf7 36. Bc4 1-0